000 00211 a2200097 4500
001 3013
100 _aRickett, C
245 _aA History of eng literature
260 _a
_bU.B.S. PD N.D.
_c
090 _c2298
_d2298
942 _aNUST-CAE
_cM
_c14424
999 _c238086
_d238086